<Die> Weltwirtschaft

Guardado en:
Detalles Bibliográficos
Formato: Seriadas
Lenguaje:alemán
Publicado: Tübingen Mohr 1986
Etiquetas: Agregar Etiqueta
Sin Etiquetas, Sea el primero en etiquetar este registro!

MARC

LEADER 00000nas2a2200000 4500
001 s034808
005 20250730114145.7
041 0 |a ger 
044 |a DE 
245 1 0 |a <Die> Weltwirtschaft 
264 1 |a Tübingen  |b Mohr  |c 1986 
300 |a 1 zv. 
773 0 |w eu_un_cat*s120288